Sports Quiz

Random Sports Quiz

Most Capped International Footballers Quiz Stats

 Plays Quiz not verified by Sporcle

Challenge
Share
Tweet
Embed
Score 0/20 Timer 10:00
0 Plays Today
Country Player % Correct
West Germany/GermanyLothar Matthaus
53.1%
BrazilCafu
53.1%
FranceLilian Thuram
50%
IranAli Daei
47.9%
USACobi Jones
38.5%
SwedenThomas Ravelli
31.3%
EgyptHossam Hassan
28.1%
EgyptAhmed Hassan
25%
Saudi ArabiaMohamed Al-Deayea
19.8%
MexicoClaudio Suarez
15.6%
Country Player % Correct
EcuadorIvan Hurtado
12.5%
Saudi ArabiaSami Al-Jaber
11.5%
MexicoPavel Pardo
7.3%
LatviaVitalijs Astafjevs
6.3%
Korea RepublicHong Myung-Bo
6.3%
EstoniaMartin Reim
4.2%
Saudi ArabiaMajed Abdullah
4.2%
EstoniaMarko Kristal
3.1%
Saudi ArabiaMohammed Al-Khilaiwi
2.1%
UAEAdnan Al-Talyani
1%

You're not logged in!

Compare scores with friends on all Sporcle quizzes.
Join for Free
OR
Log In

You Might Also Like...

Show Comments

Extras

Top Quizzes Today


Score Distribution

Your Account Isn't Verified!

In order to create a playlist on Sporcle, you need to verify the email address you used during registration. Go to your Sporcle Settings to finish the process.

Report this User

Report this user for behavior that violates our Community Guidelines.

Details: